The god of the Maccabees: studies on the meaning and origin of the Maccabean revolt
| Main Author: | |
|---|---|
| Contributors: | |
| Format: | Print Book |
| Language: | English |
| Subito Delivery Service: | Order now. |
| Check availability: | HBZ Gateway |
| WorldCat: | WorldCat |
| Interlibrary Loan: | Interlibrary Loan for the Fachinformationsdienste (Specialized Information Services in Germany) |
| Published: |
Leiden
Brill
1979
|
| In: |
Studies in Judaism in late antiquity from the 1. to the 7. century (32)
Year: 1979 |
| Series/Journal: | Studies in Judaism in late antiquity from the 1. to the 7. century
32 |
| Standardized Subjects / Keyword chains: | B
God
/ Bible. Makkabäer 1.-2.
|
| Further subjects: | B
Maccabees
B Bible. Maccabees Criticism, interpretation, etc |
MARC
| LEADER | 00000cam a2200000 c 4500 | ||
|---|---|---|---|
| 001 | 021295816 | ||
| 003 | DE-627 | ||
| 005 | 20251219204729.0 | ||
| 007 | tu | ||
| 008 | 860205s1979 ne ||||| 00| ||eng c | ||
| 010 | |a 80467636 | ||
| 020 | |a 9004059474 |9 90-04-05947-4 | ||
| 035 | |a (DE-627)021295816 | ||
| 035 | |a (DE-576)019381999 | ||
| 035 | |a (DE-599)GBV021295816 | ||
| 035 | |a (OCoLC)06009785 | ||
| 035 | |a (AT-OBV)AC05180683 | ||
| 035 | |a (DE-604)8036843008 | ||
| 040 | |a DE-627 |b ger |c DE-627 |e rakwb | ||
| 041 | |a eng |h ger | ||
| 044 | |c XA-NL | ||
| 050 | 0 | |a DS121.7 | |
| 082 | 0 | |a 933 |q LOC | |
| 084 | |a 6,22 |a 1 |2 ssgn | ||
| 084 | |a BD 1680 |2 rvk |0 (DE-625)rvk/9852: | ||
| 100 | 1 | |e VerfasserIn |0 (DE-588)120986051 |0 (DE-627)283473452 |0 (DE-576)160287596 |4 aut |a Bickerman, Elias J. |d 1897-1981 | |
| 109 | |a Bickerman, E.J. 1897-1981 |a Bikerman, Elie 1897-1981 |a Bickermann, Elias Joseph 1897-1981 |a Bikerman, Ėlias 1897-1981 |a Bikerman, E. 1897-1981 |a Bickermann, Elias 1897-1981 |a Bickerman, E. J. 1897-1981 |a Bickermann, Elias J. 1897-1981 |a Bickermann, Élie 1897-1981 |a Bickerman, Elias Joseph 1897-1981 |a Bickerman, Elias 1897-1981 |a Bikerman, Élie 1897-1981 |a Bickerman, Elias J. 1897-1981 |a Bickermann, E. 1897-1981 | ||
| 191 | |a 1 | ||
| 240 | 1 | 4 | |a Der Gott der Makkabäer <engl.> |
| 245 | 1 | 4 | |a The god of the Maccabees |b studies on the meaning and origin of the Maccabean revolt |c by Elias Bickerman. Transl. by Horst R. Moehring |
| 264 | 1 | |a Leiden |b Brill |c 1979 | |
| 300 | |a XIII, 122 S. | ||
| 336 | |a Text |b txt |2 rdacontent | ||
| 337 | |a ohne Hilfsmittel zu benutzen |b n |2 rdamedia | ||
| 338 | |a Band |b nc |2 rdacarrier | ||
| 490 | 1 | |a Studies in Judaism in late antiquity |v 32 | |
| 583 | 1 | |a Archivierung/Langzeitarchivierung gewährleistet |f SSG |x XA-DE-BW |2 pdager |5 DE-21 | |
| 583 | 1 | |a Archivierung prüfen |c 20240324 |f DE-4165 |z 2 |2 pdager | |
| 630 | 2 | 0 | |a Bible |p Maccabees |x Criticism, interpretation, etc |
| 650 | 0 | |a Maccabees | |
| 689 | 0 | 0 | |d s |0 (DE-588)4021662-7 |0 (DE-627)104649747 |0 (DE-576)208939261 |2 gnd |a Gott |
| 689 | 0 | 1 | |d u |0 (DE-588)4074478-4 |0 (DE-627)106089455 |0 (DE-576)209194022 |a Bibel |2 gnd |p Makkabäer |n 1.-2. |
| 689 | 0 | |5 DE-101 | |
| 689 | 1 | 0 | |d s |0 (DE-588)4021662-7 |0 (DE-627)104649747 |0 (DE-576)208939261 |2 gnd |a Gott |
| 689 | 1 | 1 | |d u |0 (DE-588)4074478-4 |0 (DE-627)106089455 |0 (DE-576)209194022 |a Bibel |2 gnd |p Makkabäer |n 1.-2. |
| 689 | 1 | |5 (DE-627) | |
| 700 | 1 | |e ÜbersetzerIn |0 (DE-588)119343061 |0 (DE-627)284235768 |0 (DE-576)212102966 |4 trl |a Moehring, Horst R. |d 1927-1986 | |
| 700 | 1 | 2 | |a Bickerman, Elias J. |d 1897-1981 |t Der Gott der Makkabäer <engl.> |
| 830 | 0 | |a Studies in Judaism in late antiquity from the 1. to the 7. century |v 32 |9 32 |w (DE-627)166425109 |w (DE-576)00456278X |w (DE-600)187160-2 |x 0169-961X |7 am | |
| 935 | |a mteo | ||
| 935 | |i Blocktest | ||
| 936 | r | v | |a BD 1680 |b Reihen, Serien |k Theologie und Religionswissenschaften |k Judaistik |k Allgemeines |k Sammelwerke zum Gesamtgebiet der Judaistik |k Reihen, Serien |0 (DE-627)127071452X |0 (DE-625)rvk/9852: |0 (DE-576)20071452X |
| 951 | |a BO | ||
| BIB | |a 1 | ||
| BIR | |a 69000000_70999999 |b biblesearch | ||
| ELC | |b 1 | ||
| ITA | |a 1 |t 1 | ||
| LOK | |0 000 xxxxxcx a22 zn 4500 | ||
| LOK | |0 001 3331816698 | ||
| LOK | |0 003 DE-627 | ||
| LOK | |0 004 021295816 | ||
| LOK | |0 005 20120116171022 | ||
| LOK | |0 008 951221||||||||||||||||ger||||||| | ||
| LOK | |0 040 |a DE-21 |c DE-627 |d DE-21 | ||
| LOK | |0 852 |a DE-21 | ||
| LOK | |0 852 1 |c 21 A 4043 |9 00 | ||
| LOK | |0 935 |a comp |a konv |a theo |a sepp |a alto | ||
| LOK | |0 936ln |a t16.4 | ||
| LOK | |0 939 |a 21-12-95 |b l01 | ||
| LOK | |0 000 xxxxxcx a22 zn 4500 | ||
| LOK | |0 001 3331816736 | ||
| LOK | |0 003 DE-627 | ||
| LOK | |0 004 021295816 | ||
| LOK | |0 005 20100408041048 | ||
| LOK | |0 008 001023||||||||||||||||ger||||||| | ||
| LOK | |0 040 |a DE-21-31 |c DE-627 |d DE-21-31 | ||
| LOK | |0 541 |e 320/81 (IJ) | ||
| LOK | |0 852 |a DE-21-31 | ||
| LOK | |0 852 1 |c Rd II a 7:3A |m p |9 00 | ||
| LOK | |0 938 |k p | ||
| LOK | |0 939 |a 23-10-00 |b l01 | ||
| ORI | |a SA-MARC-ixtheoa001.raw | ||
| REL | |a 1 | ||
| STA | 0 | 0 | |a God,God |
| STB | 0 | 0 | |a Dieu,Dieu |
| STC | 0 | 0 | |a Dios,Dios |
| STD | 0 | 0 | |a Dio,Dio |
| STE | 0 | 0 | |a 神,神,上帝,上帝 |
| STF | 0 | 0 | |a 神,神,上帝,上帝 |
| STG | 0 | 0 | |a Deus,Deus |
| STH | 0 | 0 | |a Бог (мотив),Бог |
| STI | 0 | 0 | |a Θεός (μοτίβο),Θεός |
| SUB | |a BIB |a REL | ||
| SYG | 0 | 0 | |a Playing God , Makkabäer,I.-II.,Machabaei,DieBücher der Makkabäer,Bücher der Makkabäer,Makkabäerbücher,1-2 Makk , Playing God , Makkabäer,I.-II.,Machabaei,DieBücher der Makkabäer,Bücher der Makkabäer,Makkabäerbücher,1-2 Makk |



